Normal view
MARC view
- Otto, Kevin, Wood, Kristin
Entry Personal Name
001 - CONTROL NUMBER
- control field: 57301
003 - CONTROL NUMBER IDENTIFIER
- control field: NUST
005 - DATE AND TIME OF LATEST TRANSACTION
- control field: 20210628201906.0
008 - FIXED-LENGTH DATA ELEMENTS
- fixed length control field: 210628|| aca||aabn | a|a d
040 ## - CATALOGING SOURCE
- Original cataloging agency: NUST
- Transcribing agency: NUST
100 ## - HEADING--PERSONAL NAME
- Personal name: Otto, Kevin, Wood, Kristin
670 ## - SOURCE DATA FOUND
- Source citation: Work cat.: (NUST): Otto, Kevin, Wood, Kristin, Product design:techniques in reverse engineering and new product development, 2014
